Statistics for Formula 1 Drivers of the 2000s

Click here to take the quiz!

General Stats

  • This quiz has been taken 63 times
  • The average score is 38 of 71

Answer Stats

CountryDriverFirst Appearance% Correct
SpainFernando Alonso2001
88%
GermanyMichael Schumacher2000
88%
GermanyRalf Schumacher2000
88%
AustraliaMark Webber2002
85%
FinlandMika Häkkinen2000
85%
BrazilRubens Barrichello2000
85%
BrazilFelipe Massa2002
83%
United KingdomLewis Hamilton2007
83%
FinlandKimi Räikkönen2001
80%
PolandRobert Kubica2006
80%
GermanySebastian Vettel2007
78%
CanadaJacques Villeneuve2000
76%
United KingdomJenson Button2000
76%
NetherlandsJos Verstappen2000
76%
ColombiaJuan Pablo Montoya2001
76%
United KingdomDavid Coulthard2000
73%
ItalyGiancarlo Fisichella2000
73%
GermanyNico Rosberg2006
73%
FinlandHeikki Kovalainen2007
66%
ItalyJarno Trulli2000
66%
FranceJean Alesi2000
63%
FinlandMika Salo2000
61%
JapanTakuma Sato2002
61%
GermanyTimo Glock2004
61%
JapanKamui Kobayashi2009
59%
GermanyNick Heidfeld2000
59%
SpainPedro de la Rosa2000
59%
AustriaAlexander Wurz2000
56%
GermanyHeinz-Harald Frentzen2000
56%
FranceRomain Grosjean2009
56%
SwitzerlandSébastien Buemi2009
56%
United KingdomEddie Irvine2000
54%
BrazilNelson Piquet Jr.2008
54%
FranceSébastien Bourdais2008
51%
ItalyVitantonio Liuzzi2005
51%
AustriaChristian Klien2004
49%
NetherlandsChristijan Albers2005
49%
SpainJaime Alguersuari2009
49%
IndiaNarain Karthikeyan2005
49%
FranceOlivier Panis2001
49%
MalaysiaAlex Yoong2001
46%
JapanKazuki Nakajima2007
46%
PortugalTiago Monteiro2005
46%
GermanyAdrian Sutil2007
44%
ItalyLuca Badoer2009
44%
GermanyMarkus Winkelhock2007
44%
BrazilRicardo Zonta2000
44%
United StatesScott Speed2006
44%
HungaryZsolt Baumgartner2003
44%
United KingdomAnthony Davidson2002
41%
United KingfomJohnny Herbert2000
41%
JapanSakon Yamamoto2006
41%
JapanYuji Ide2006
39%
BrazilAntônio Pizzonia2003
37%
BrazilCristiano da Matta2003
37%
BrazilEnrique Bernoldi2001
37%
SpainMarc Gené2000
37%
ItalyGiorgio Pantano2004
34%
BrazilLuciano Burti2000
34%
NetherlandsRobert Doornbos2005
34%
ArgentinaGastón Mazzacane2000
32%
BrazilPedro Diniz2000
32%
Czech RepublicTomáš Enge2001
32%
United KingdomAlan McNish2002
29%
AustriaPatrick Friesacher2005
29%
DenmarkNicolas Kiesa2003
27%
FranceFranck Montagny2006
24%
United KingdomJustin Wilson2003
24%
IrelandRalph Firman2003
24%
BrazilTarso Marques2001
24%
ItalyGianmaria Bruni2004
20%

Score Distribution

Percentile by Number Answered

Percent of People with Each Score

Your Score History

You have not taken this quiz